Movie Sequel by Picture Quiz Stats

 Plays Quiz Updated Aug 18, 2014

Support Sporcle.
Go Orange.
Score 0/20 Timer 05:00
0 Plays Today
% Correct
Batman & Robin
88.3%
The Lord of the Rings: The Two Towers
80.2%
Star Wars: Episode V - The Empire Strikes Back
75.3%
Dumb and Dumberer: When Harry Met Lloyd
70.8%
Ocean's Twelve
69.2%
Escape from L.A.
42.2%
Blues Brothers 2000
41%
Vegas Vacation
38.4%
Star Trek II: The Wrath of Khan
37.5%
Addams Family Values
36.6%
% Correct
Bill & Ted's Bogus Journey
35.8%
Mad Max 2: The Road Warrior
34%
The Next Karate Kid
33.6%
Conan the Destroyer
32.7%
Harry Potter and the Prisoner of Azkaban
30.8%
A Very Brady Sequel
25.4%
Teen Wolf Too
25%
Jaws: The Revenge
24.6%
Gremlins 2: The New Batch
19.8%
Staying Alive
19.4%

You're not logged in!

Compare scores with friends on all Sporcle quizzes.
OR
Log In

From the Vault

Most Populous Cities of California on a Map

by Unidentifiedkiwi

Alternate title: 30 Places To Avoid During Rush Hour.
Remove Ads.
Support Sporcle.
Get the best of Sporcle when you Go Orange. This ad-free experience offers more features, more stats, and more fun while also helping to support Sporcle. Thank you for becoming a member.

Show Comments

Extras

Top Quizzes Today


Score Distribution

Your Account Isn't Verified!

In order to create a playlist on Sporcle, you need to verify the email address you used during registration. Go to your Sporcle Settings to finish the process.

Report this User

Report this user for behavior that violates our Community Guidelines.

Details: